000 003080000a22000970004500
100 1 _aVoelkel, Ana María
245 1 0 _aThe real story at Bellavista : The persistence of an ex-convict preacher pays off
300 _aVol. 73, Num. 1 (Enero-Marzo), Página 7
773 0 _tLatin America Evangelist
942 _cANA
999 _c54682
_d54682